000 00321nam a22001457a 4500
008 221104b ||||| |||| 00| 0 eng d
020 _a978168036314285177416
041 _aeng
080 _22e
_a004
082 _a004
100 _a19
101 _ashk
245 _aWRITING IN THE CORE
_cANGLESEY C
942 _2udc
_cBK
999 _c58726
_d58726